| Tag |
First Indicator |
Second Indicator |
Subfields |
| LEADER |
00000cam a2200000 4500 |
| 001 |
in00000073187 |
| 005 |
20151008052506.0 |
| 008 |
721024s1950 nyua b 00000 eng u |
| 010 |
|
|
|a 50008119
|
| 035 |
|
|
|a (OCoLC)00476367
|
| 035 |
|
|
|9 AAH3579AM
|
| 040 |
|
|
|c CSU
|d TXA
|d UtOrBLW
|
| 049 |
|
|
|a TXAM
|c [184482]
|
| 050 |
|
0 |
|a HD8072
|b .Y6 1950
|
| 092 |
|
|
|a 331
|b Y54m
|
| 100 |
1 |
|
|a Yoder, Dale,
|d 1901-
|
| 245 |
1 |
0 |
|a Manpower economics and labor problems.
|
| 250 |
|
|
|a 3d ed.
|
| 264 |
|
1 |
|a New York :
|b McGraw-Hill,
|c 1950.
|
| 300 |
|
|
|a ix, 661 pages :
|b illustrations ;
|c 24cm.
|
| 336 |
|
|
|a text
|b txt
|2 rdacontent
|
| 337 |
|
|
|a unmediated
|b n
|2 rdamedia
|
| 338 |
|
|
|a volume
|b nc
|2 rdacarrier
|
| 500 |
|
|
|a Previous editions published under title: Labor economics and labor problems.
|
| 504 |
|
|
|a Bibliographical footnotes.
|
| 650 |
|
0 |
|a Working class
|z United States
|y 1914-
|
| 650 |
|
0 |
|a Labor movement
|z United States
|y 1914-
|
| 650 |
|
0 |
|a Labor
|z United States
|y 1914-
|
| 999 |
|
|
|a MARS
|
| 999 |
f |
f |
|s 5e723450-05f7-3da4-bc23-d62ce3f38744
|i 15244ef3-6311-3ad0-a613-e3976ed4f27e
|t 0
|
| 952 |
f |
f |
|p ric
|a Texas A&M University
|b Rellis Campus
|c Joint Library Facility
|d Remote Storage
|t 0
|e HD8072 .Y6 1950
|h Library of Congress classification
|i unmediated -- volume
|m A14800712565
|
| 998 |
f |
f |
|a HD8072 .Y6 1950
|t 0
|l Remote Storage
|